Deep wood trance / (Record no. 157968)

MARC details
000 -LEADER
fixed length control field 00538nam a22001937a 4500
005 - DATE AND TIME OF LATEST TRANSACTION
control field 20181012104251.0
010 ## - LCCN (DPL NO)
LC control number ENG-124245
020 ## - INTERNATIONAL STANDARD BOOK NUMBER
Terms of availability 150.00
International Standard Book Number 9789350451687
035 ## - SYSTEM CONTROL NUMBER
System control number EN-107777
037 ## - SOURCE OF ACQUISITION
Source of stock number/acquisition DBAD/PUB
082 ## - DEWEY DECIMAL CLASSIFICATION NUMBER
Classification number 881
100 ## - MAIN ENTRY--PERSONAL NAME
Personal name Shruti Devi V.
245 ## - TITLE STATEMENT
Title Deep wood trance /
Statement of responsibility, etc by V. Shruti Devi
260 ## - PUBLICATION, DISTRIBUTION, ETC. (IMPRINT)
Place of publication, distribution, etc Calcutta
Name of publisher, distributor, etc Writers Workshop Books
Date of publication, distribution, etc 2017
270 ## - ADDRESS
City Calcutta
Postal code 700045
Address 162/92 Lake gardens
300 ## - PHYSICAL DESCRIPTION
Extent 95p.
Dimensions 22cm (Hb)
500 ## - GENERAL NOTE
General note It includes notes
942 ## - ADDED ENTRY ELEMENTS (KOHA)
Source of classification or shelving scheme Dewey Decimal Classification
Item type English Books
Classification part 881
Call number suffix SHR
Holdings
Withdrawn status Lost status Not for loan Collection code Home library Current library Date acquired Source of acquisition Cost, normal purchase price Full call number Barcode Copy number Cost, replacement price Koha item type
    Not For Loan Non-fiction D.B.Act.Division Bawana 12/10/2018 DBAD/PUB 150.00 881 SHR EN-107777 1 150.00 English Books

© Delhi Public Library
Hit Counter
free hit counter